Folk music of the Punjab. (Record no. 44545)
[ view plain ]
| 000 -LEADER | |
|---|---|
| fixed length control field | 01235nam a22002657a 4500 |
| 001 - CONTROL NUMBER | |
| control field | 5692690 |
| 005 - DATE AND TIME OF LATEST TRANSACTION | |
| control field | 19931105083646.0 |
| 007 - PHYSICAL DESCRIPTION FIXED FIELD--GENERAL INFORMATION | |
| fixed length control field | sdubumennmplu |
| 008 - FIXED-LENGTH DATA ELEMENTS--GENERAL INFORMATION | |
| fixed length control field | 931018s1963 ii uun pan |
| 010 ## - LIBRARY OF CONGRESS CONTROL NUMBER | |
| LC control number | 93727594 |
| 028 00 - PUBLISHER NUMBER | |
| Publisher number | ECLP 2289 |
| Source | EMI/Gramophone |
| 035 ## - SYSTEM CONTROL NUMBER | |
| System control number | GR-01231 |
| 040 ## - CATALOGING SOURCE | |
| Original cataloging agency | DLC |
| Transcribing agency | DLC |
| Modifying agency | DLC |
| 245 00 - TITLE STATEMENT | |
| Title | Folk music of the Punjab. |
| Number of part/section of a work | Vol. 3 |
| Medium | [sound recording]. |
| 260 ## - PUBLICATION, DISTRIBUTION, ETC. (IMPRINT) | |
| Place of publication, distribution, etc | Dum Dum, India : |
| Name of publisher, distributor, etc | EMI/Gramophone, |
| Date of publication, distribution, etc | [1963?] |
| 300 ## - PHYSICAL DESCRIPTION | |
| Extent | 1 sound disc : |
| Other physical details | analog, 33 1/3 rpm ; |
| Dimensions | 12 in. |
| 500 ## - GENERAL NOTE | |
| General note | Brief record. |
| 505 0# - FORMATTED CONTENTS NOTE | |
| Formatted contents note | Mawan te dhian ral (Surinder Kaur & Prakash Kaur) -- Hae na vasve na vas (Prakash Kaur & Surinder Kaur) -- Wey lai de mainun ; Andar jawan bahar jawan ; Tande chupna charhi de (Prakash Kaur) -- Jutti qasuri (Surinder Kaur) -- Kurti meri chheent di (Ripu Daman Sally) -- Oora ara eri (Narinder Biba & Hacharan Singh Grewal) -- Balliye ni Punjab diye ; Jadon meri arthi (Asa Singh Mastana). |
| 511 0# - PARTICIPANT OR PERFORMER NOTE | |
| Participant or performer note | Various performers. |
| 650 #0 - SUBJECT ADDED ENTRY--TOPICAL TERM | |
| Topical term or geographic name as entry element | Folk songs, Panjabi. |
| 9 (RLIN) | 20553 |
| 650 #0 - SUBJECT ADDED ENTRY--TOPICAL TERM | |
| Topical term or geographic name as entry element | Folk music |
| Geographic subdivision | India |
| -- | Punjab. |
| 9 (RLIN) | 20554 |
| 906 ## - LOCAL DATA ELEMENT F, LDF (RLIN) | |
| a | 7 |
| b | cbc |
| c | orignew |
| d | 5 |
| e | ncip |
| f | 19 |
| g | y-genmusic |
| 942 ## - ADDED ENTRY ELEMENTS (KOHA) | |
| Source of classification or shelving scheme | Dewey Decimal Classification |
| Item type | Gramaphone Records |
| Withdrawn status | Lost status | Source of classification or shelving scheme | Damaged status | Not for loan | Collection code | Home library | Current library | Date acquired | Source of acquisition | Total Checkouts | Barcode | Date last seen | Copy number | Price effective from | Koha item type |
|---|---|---|---|---|---|---|---|---|---|---|---|---|---|---|---|
| Dewey Decimal Classification | Not For Loan | Non-fiction | Central Library | Central Library | 08/09/2010 | SED/VEN | GR-01222 | 08/09/2010 | 1 | 08/09/2010 | Gramaphone Records |
